[Event "Championnat de Paris open Fide"]
[Site "Paris"]
[Date "2016.07.12"]
[Round "4.8"]
[White "Gahan M G"]
[Black "Song, Julien"]
[Result "1-0"]
[WhiteElo "2249"]
[BlackElo "2338"]
[PlyCount "131"]
[EventDate "2016.??.??"]

1. e4 e5 2. Nf3 Nc6 3. d4 exd4 4. Nxd4 Bb4+ 5. Nc3 Nge7 6. Nxc6 Nxc6 7. Bc4
Bxc3+ 8. bxc3 Qf6 9. Bd2 d6 10. Rb1 Qg6 11. O-O Ne5 12. Bb5+ c6 13. Be2 Bh3 14.
Bf3 b5 15. Bf4 O-O 16. Bg3 Nxf3+ 17. Qxf3 Be6 18. Bxd6 Bxa2 19. Bxf8 Bxb1 20.
Bxg7 Bxc2 21. Bd4 Bxe4 22. Qh3 a5 23. f3 Bf5 24. g4 Re8 25. Qg3 Bc2 26. h4 h5
27. Re1 Rxe1+ 28. Qxe1 f5 29. g5 Kf7 30. Qe5 Qe6 31. Qc7+ Ke8 32. Qxa5 Qe1+ 33.
Kg2 Qe2+ 34. Bf2 Bd1 35. Qa8+ Kd7 36. Qb7+ Kd6 37. Qb8+ Kd7 38. Qf4 Qe6 39.
Qd4+ Qd5 40. Qg7+ Kd6 41. Qh6+ Kd7 42. Qxh5 c5 43. g6 b4 44. cxb4 cxb4 45. g7
b3 46. Bd4 Qe6 47. Qg5 b2 48. g8=Q Qxg8 49. Qxg8 b1=Q 50. Qd5+ Kc7 51. Be5+ Kb6
52. Qd6+ Ka5 53. Qd8+ Ka4 54. Qa8+ Kb3 55. Qb7+ Kc2 56. Qxb1+ Kxb1 57. h5 f4
58. Bxf4 Ka2 59. h6 Bc2 60. Kh3 Kb3 61. Kg4 Kc4 62. Kg5 Bh7 63. Kf6 Kd3 64. Bc7
Ke3 65. f4 Ke4 66. Kg7 1-0

[Event "Championnat de Paris open Fide"]
[Site "Paris"]
[Date "2016.07.12"]
[Round "4.9"]
[White "Micottis, Dorian"]
[Black "Manoeuvre, Antoine"]
[Result "1/2-1/2"]
[WhiteElo "2248"]
[BlackElo "2314"]
[PlyCount "128"]
[EventDate "2016.??.??"]

1. Nf3 Nf6 2. g3 b6 3. Bg2 Bb7 4. O-O e6 5. c4 Be7 6. d4 O-O 7. Nc3 d5 8. cxd5
exd5 9. Bf4 Nbd7 10. Rc1 c6 11. Re1 Bb4 12. a3 Bxc3 13. bxc3 Qe7 14. a4 Ba6 15.
Nd2 Nh5 16. c4 Nxf4 17. gxf4 Qd6 18. e3 Rac8 19. Qb3 Bb7 20. cxd5 cxd5 21. a5
Qg6 22. Nf3 Rc4 23. Qb1 Rfc8 24. Ne5 Nxe5 25. dxe5 Rxc1 26. Rxc1 Rxc1+ 27. Qxc1
d4 28. e4 h5 29. f5 Qg4 30. f3 Qh4 31. axb6 axb6 32. Qd2 Ba6 33. e6 fxe6 34.
fxe6 Bc4 35. Bf1 Bxf1 36. Kxf1 Qh3+ 37. Kg1 Qxf3 38. Qxd4 Qg4+ 39. Kf2 Qxe6 40.
e5 b5 41. h4 Qa2+ 42. Ke3 Qb3+ 43. Kf2 b4 44. e6 Qc2+ 45. Kg1 Qc1+ 46. Kg2 Qc6+
47. Kg1 Qc1+ 48. Kg2 Qc2+ 49. Kg1 b3 50. e7 Kf7 51. Qe5 Ke8 52. Qd6 Qb1+ 53.
Kh2 Qb2+ 54. Kg1 Qc1+ 55. Kh2 Qc2+ 56. Kg1 Qb1+ 57. Kh2 Qb2+ 58. Kg1 Kf7 59.
Qd7 Qc1+ 60. Kg2 Qc2+ 61. Kh3 Qc3+ 62. Kg2 Qb2+ 63. Kh3 Qc3+ 64. Kg2 Qc2+
1/2-1/2

[Event "Championnat de Paris open Fide"]
[Site "Paris"]
[Date "2016.07.12"]
[Round "4.10"]
[White "Justo, Damian"]
[Black "Fedorchuk, Sergey A"]
[Result "0-1"]
[WhiteElo "2304"]
[BlackElo "2624"]
[PlyCount "80"]
[EventDate "2016.??.??"]

1. d4 Nf6 2. Nf3 b5 3. g3 Bb7 4. Bg2 e6 5. O-O c5 6. c3 Na6 7. Bg5 Be7 8. Nbd2
O-O 9. e3 h6 10. Bxf6 Bxf6 11. a3 Qb6 12. Qe2 d6 13. Rfd1 Nc7 14. Ne1 Bxg2 15.
Kxg2 Rfd8 16. Qf3 a5 17. Nd3 c4 18. Nf4 d5 19. Nh5 Be7 20. Qg4 Ne8 21. Rdb1 b4
22. a4 Rab8 23. Qd1 Rb7 24. h4 Rdb8 25. Kh2 Qc7 26. Kg2 Rb6 27. Nf4 Bd6 28. Ne2
Nf6 29. Qc2 R8b7 30. f3 Qb8 31. e4 bxc3 32. bxc3 Rb2 33. Rxb2 Rxb2 34. Qd1 dxe4
35. fxe4 Qb7 36. Kf3 Nxe4 37. Nxe4 f5 38. d5 fxe4+ 39. Kxe4 Rxe2+ 40. Qxe2
Qxd5+ 0-1

[Event "Championnat de Paris open Fide"]
[Site "Paris"]
[Date "2016.07.12"]
[Round "4.11"]
[White "Shchekachev, Andrei"]
[Black "Eggleston, David J"]
[Result "1-0"]
[WhiteElo "2550"]
[BlackElo "2376"]
[PlyCount "159"]
[EventDate "2016.??.??"]

1. Nf3 Nf6 2. c4 b6 3. g3 Bb7 4. Bg2 e6 5. O-O Be7 6. Nc3 O-O 7. Re1 d5 8. cxd5
exd5 9. d4 Nbd7 10. Bf4 c5 11. dxc5 Nxc5 12. Rc1 Nfe4 13. Be5 Re8 14. a3 Bf6
15. Bd4 Ne6 16. e3 Nxd4 17. Nxd4 Rc8 18. Re2 Nxc3 19. bxc3 Qe7 20. Ra2 Rc5 21.
a4 Qd7 22. Ne2 Rec8 23. Rd2 Qe8 24. Bxd5 Rxd5 25. Rxd5 Bxd5 26. Qxd5 Qxa4 27.
Qf5 Qc4 28. Nf4 Rd8 29. e4 Be7 30. Nd5 Bc5 31. Qg5 Ra8 32. Rd1 Qe2 33. Rd2 Qe1+
34. Kg2 Qxe4+ 35. f3 Qe1 36. Nf6+ Kh8 37. Ne4 Qg1+ 38. Kh3 h6 39. Qf5 Qf1+ 40.
Kg4 Qc4 41. Rd7 Kg8 42. f4 Bf8 43. Nd2 Qe2+ 44. Kh3 Qe8 45. Nc4 Qe6 46. Qxe6
fxe6 47. Rb7 Bc5 48. Kg4 a5 49. Nxb6 Bxb6 50. Rxb6 Kf7 51. f5 exf5+ 52. Kxf5 a4
53. Rb7+ Kg8 54. Rb2 a3 55. Ra2 Kf7 56. Ke5 Ke7 57. Kd5 g5 58. c4 Ra5+ 59. Kc6
Ra8 60. Kc5 Kd7 61. Kb4 Rb8+ 62. Kxa3 Kc6 63. Rb2 Rh8 64. Kb4 h5 65. Rf2 Rh6
66. Rf5 g4 67. Ra5 Rh8 68. Ra6+ Kd7 69. Kc5 Rf8 70. Ra7+ Ke6 71. Rh7 Rf5+ 72.
Kc6 Kf6 73. c5 Kg6 74. Rd7 Rf2 75. Rd6+ Kg5 76. Kd7 h4 77. c6 Rxh2 78. c7 Rc2
79. Rd5+ Kf6 80. gxh4 1-0

[Event "Championnat de Paris open Fide"]
[Site "Paris"]
[Date "2016.07.12"]
[Round "4.12"]
[White "Bellahcene, Bilel"]
[Black "Philippe, Guillaume"]
[Result "0-1"]
[WhiteElo "2498"]
[BlackElo "2321"]
[PlyCount "86"]
[EventDate "2016.??.??"]

1. d4 f5 2. Qd3 d5 3. g4 fxg4 4. Nc3 Nc6 5. Bg5 Nh6 6. O-O-O Nf7 7. Bf4 e5 8.
dxe5 Ncxe5 9. Qxd5 Qxd5 10. Nxd5 Bd6 11. e3 Be6 12. Nc3 O-O-O 13. Nge2 g5 14.
Bg3 h5 15. Nd4 Bd7 16. Ncb5 Bc5 17. h4 gxh3 18. Bxh3 Bxh3 19. Rxh3 h4 20. Bxe5
Nxe5 21. Ne6 Rxd1+ 22. Kxd1 g4 23. Rh1 Bb6 24. Ke2 Nf3 25. Nc3 Re8 26. Nf4 Bd4
27. Nd1 Be5 28. Nd3 Bd6 29. Nc3 c6 30. Kf1 b5 31. Ne2 c5 32. b3 c4 33. bxc4
bxc4 34. Nb2 Be5 35. c3 Kc7 36. Nxc4 Rb8 37. Nc1 Rb1 38. Ke2 Bxc3 39. e4 h3 40.
Na3 Rb2+ 41. Kd3 Bd4 42. Nc2 Bxf2 43. Ne2 h2 0-1

[Event "Championnat de Paris open Fide"]
[Site "Paris"]
[Date "2016.07.12"]
[Round "4.13"]
[White "Battaglini, Gabriel"]
[Black "Spielmann, Alain"]
[Result "0-1"]
[WhiteElo "2462"]
[BlackElo "2252"]
[PlyCount "108"]
[EventDate "2016.??.??"]

1. d4 f5 2. Qd3 d5 3. g4 fxg4 4. h3 g3 5. fxg3 Nf6 6. Nc3 e6 7. Bg2 Nc6 8. Bg5
Be7 9. O-O-O O-O 10. a3 b5 11. Qxb5 Bd7 12. Qd3 Rb8 13. e4 e5 14. Bxf6 Bxf6 15.
Nxd5 Nxd4 16. Ne2 Bg5+ 17. Kb1 Bb5 18. c4 Ba4 19. Nxd4 exd4 20. Rdf1 c6 21. h4
Bh6 22. Rxf8+ Qxf8 23. Nf4 Bxf4 24. gxf4 Qc5 25. Ka1 Rb3 26. Qd2 Qxc4 27. Rc1
Qd3 28. Qxd3 Rxd3 29. e5 Rg3 30. Bxc6 Bb3 31. e6 Bxe6 32. Ba4 Kf7 33. Rd1 d3
34. b4 Rf3 35. Bb5 Rxf4 36. Rxd3 Rxh4 37. Rd6 g5 38. Ra6 g4 39. Rxa7+ Kf6 40.
Bc6 g3 41. b5 Rc4 42. Ba8 Rc8 43. Bf3 Rc3 44. Ba8 Rc8 45. Bf3 Rc3 46. Ba8 h5
47. Ra6 h4 48. Bd5 Rxa3+ 49. Rxa3 Bxd5 50. Ra6+ Kf5 51. Rd6 Ke5 52. Rg6 g2 53.
b6 h3 54. Rg5+ Kf6 0-1

[Event "Championnat de Paris open Fide"]
[Site "Paris"]
[Date "2016.07.12"]
[Round "4.14"]
[White "Belkhodja, Slim"]
[Black "Mohammad, Fahim"]
[Result "1-0"]
[WhiteElo "2417"]
[BlackElo "2244"]
[PlyCount "63"]
[EventDate "2016.??.??"]

1. Nf3 c5 2. e4 e6 3. g3 d5 4. exd5 exd5 5. d4 Nc6 6. Bg2 Bd6 7. O-O Nge7 8.
Nc3 Bg4 9. dxc5 Bxc5 10. h3 Bh5 11. Ne2 O-O 12. Nf4 Bg6 13. Nxg6 Nxg6 14. h4 h6
15. h5 Nge7 16. Ne1 Qd7 17. Nd3 Bb6 18. Bf4 Rfd8 19. Re1 Ba5 20. c3 Bb6 21. Qf3
Re8 22. Kh2 Qf5 23. Bh3 Qf6 24. Kg2 Rad8 25. Re2 a5 26. a3 a4 27. Rae1 Ba5 28.
Nc5 d4 29. Nd7 Rxd7 30. Bxd7 Rd8 31. Bxc6 Nxc6 32. Re8+ 1-0

[Event "Championnat de Paris open Fide"]
[Site "Paris"]
[Date "2016.07.12"]
[Round "4.15"]
[White "Konguvel, Ponnuswamy"]
[Black "Rabeyrin, Jean-Jacques"]
[Result "1-0"]
[WhiteElo "2379"]
[BlackElo "2239"]
[PlyCount "55"]
[EventDate "2016.??.??"]

1. e4 c5 2. Nf3 d6 3. d4 cxd4 4. Nxd4 Nf6 5. Nc3 a6 6. Bc4 e6 7. Bb3 Nbd7 8. f4
Nc5 9. Qe2 Be7 10. O-O O-O 11. Kh1 Qc7 12. e5 Nfd7 13. exd6 Bxd6 14. f5 Ne5 15.
f6 gxf6 16. Rxf6 Ng6 17. Rf3 b5 18. Bh6 Bb7 19. Rh3 b4 20. Na4 Ne4 21. Kg1 Rfe8
22. Rf1 Be5 23. Be3 Rad8 24. Qh5 Bxd4 25. Qxh7+ Kf8 26. Bxd4 Rxd4 27. Qxg6 Qe5
28. Qxf7# 1-0

[Event "Championnat de Paris open Fide"]
[Site "Paris"]
[Date "2016.07.12"]
[Round "4.16"]
[White "Aranaz Murillo, Amalia"]
[Black "Roser, Kevin"]
[Result "1/2-1/2"]
[WhiteElo "2255"]
[BlackElo "2394"]
[PlyCount "128"]
[EventDate "2016.??.??"]

1. Nf3 c5 2. c4 Nc6 3. Nc3 g6 4. g3 Bg7 5. Bg2 d6 6. d3 Qd7 7. Bd2 b6 8. a3 Bb7
9. Rb1 e6 10. b4 Nge7 11. O-O O-O 12. Qa4 f5 13. Rfc1 h6 14. Nd1 g5 15. Bc3 e5
16. bxc5 bxc5 17. Ne3 Rac8 18. Nd5 Ng6 19. Nd2 Ba8 20. Rb2 g4 21. Rcb1 h5 22.
Nb3 h4 23. Na5 h3 24. Bh1 Kh8 25. Rb7 Bxb7 26. Rxb7 Rb8 27. Rxb8 Rxb8 28. Be1
Rc8 29. Nxc6 Qxc6 30. Qxa7 Qe8 31. Ne3 Ne7 32. Qb6 Qd8 33. Qxd8+ Rxd8 34. Ba5
Rb8 35. Bc7 Rb1+ 36. Nf1 Nc8 37. a4 Kg8 38. Bd5+ Kf8 39. Be6 Rb7 40. Bxc8 Rxc7
41. Bxf5 Ra7 42. Bxg4 Rxa4 43. Bxh3 e4 44. Ne3 Ra2 45. dxe4 Bd4 46. Kf1 Bxe3
47. fxe3 Ke7 48. e5 dxe5 49. Bg2 Rc2 50. Bd5 Kf6 51. Kf2 Kg5 52. h4+ Kf5 53.
Kf3 Ra2 54. g4+ Kf6 55. g5+ Kg6 56. Kg4 Rxe2 57. h5+ Kh7 58. e4 Rf2 59. Be6 Kh8
60. h6 Rf1 61. Bf5 Rh1 62. Be6 Rf1 63. Kh4 Rh1+ 64. Kg4 Rf1 1/2-1/2

[Event "Championnat de Paris open Fide"]
[Site "Paris"]
[Date "2016.07.12"]
[Round "4.17"]
[White "Bergez, Luc"]
[Black "Midonet, Matthieu"]
[Result "1-0"]
[WhiteElo "2341"]
[BlackElo "2213"]
[PlyCount "139"]
[EventDate "2016.??.??"]

1. e4 c5 2. d3 Nc6 3. g3 g6 4. Bg2 Bg7 5. Nc3 Rb8 6. a4 a6 7. f4 d6 8. Nf3 e6
9. Be3 Nd4 10. e5 Ne7 11. Nxd4 cxd4 12. Bxd4 Nf5 13. Ba7 Ra8 14. Bf2 dxe5 15.
fxe5 Bxe5 16. O-O O-O 17. a5 Rb8 18. Qe2 Bc7 19. Ba7 Ra8 20. Bc5 Bd6 21. Bf2
Qc7 22. Ne4 Be5 23. c3 Bd7 24. Bb6 Qb8 25. Nc5 Bc8 26. Ra4 Bg7 27. Rb4 Ne7 28.
Rbf4 Nd5 29. Bxd5 exd5 30. Qe7 Qe5 31. Rxf7 Qxe7 32. Rxe7 Rxf1+ 33. Kxf1 Bf8
34. Re5 Bh3+ 35. Kf2 Bxc5+ 36. Bxc5 Rd8 37. Ke3 Rd7 38. Kd4 Bg2 39. Re2 Bh3 40.
Re5 Bg2 41. Re8+ Kf7 42. Re2 Bh3 43. Ke5 Bf5 44. Rf2 Kg7 45. Rd2 Bg4 46. Rf2
Bf5 47. Bf8+ Kg8 48. Bh6 Rf7 49. Kd4 Bd7 50. Rxf7 Kxf7 51. Kxd5 Ke8 52. Bg5 Bf5
53. d4 Kd7 54. Bh6 Bh3 55. Ke5 Ke7 56. Bg5+ Kd7 57. Kf6 Bf5 58. Bh6 Kc6 59. Kg7
Kb5 60. Kxh7 Kxa5 61. g4 Be4 62. Bf8 Kb5 63. Kg7 Kc4 64. h4 b5 65. h5 gxh5 66.
gxh5 a5 67. h6 Kb3 68. d5 b4 69. d6 Kxb2 70. cxb4 1-0

[Event "Championnat de Paris open Fide"]
[Site "Paris"]
[Date "2016.07.12"]
[Round "4.19"]
[White "Louis, Thibault"]
[Black "Salles, Louis"]
[Result "0-1"]
[WhiteElo "2307"]
[BlackElo "2207"]
[PlyCount "80"]
[EventDate "2016.??.??"]

1. e4 c5 2. Nc3 d6 3. f4 g6 4. Nf3 Bg7 5. Bb5+ Bd7 6. Bc4 Nc6 7. d3 Nh6 8. O-O
Na5 9. Qe1 Nxc4 10. dxc4 f5 11. e5 O-O 12. Bd2 dxe5 13. Nxe5 Nf7 14. Rd1 Nxe5
15. fxe5 e6 16. Qg3 Qc7 17. Bf4 Rf7 18. h4 Kh8 19. Rd3 Bc6 20. Rd6 Re8 21. Rfd1
Bf8 22. h5 gxh5 23. Qh4 Rg7 24. Bg5 Be7 25. Nb5 Bxg5 26. Nxc7 Bxh4 27. Nxe8
Bxe8 28. Rxe6 Bc6 29. Rd2 Bg5 30. Re2 Re7 31. Rxe7 Bxe7 32. Rf2 Be4 33. Rd2 Kg7
34. Rd7 Kf7 35. Kf2 Ke6 36. Rc7 h4 37. c3 f4 38. a3 h3 39. gxh3 Bh4+ 40. Kg1 f3
0-1

[Event "Championnat de Paris open Fide"]
[Site "Paris"]
[Date "2016.07.12"]
[Round "4.20"]
[White "Kathmale, Sameer"]
[Black "Msellek, Ilyass"]
[Result "0-1"]
[WhiteElo "2298"]
[BlackElo "2209"]
[PlyCount "62"]
[EventDate "2016.??.??"]

1. e4 e5 2. Nf3 Nc6 3. Bb5 Bc5 4. d3 Nf6 5. O-O d6 6. c3 O-O 7. h3 Bd7 8. Ba4
h6 9. Nbd2 Bb6 10. Nc4 Ne7 11. Bc2 Ng6 12. a4 c6 13. Nxd6 Bxh3 14. Nxf7 Rxf7
15. gxh3 Kh8 16. Kh2 Qf8 17. a5 Nh5 18. axb6 Rxf3 19. Be3 Nh4 20. Rxa7 Rb8 21.
Ra5 Qc8 22. Qxf3 Nxf3+ 23. Kg2 Nh4+ 24. Kh2 Ra8 25. b4 Nf4 26. Bxf4 exf4 27.
Rfa1 Rb8 28. Rh5 Nf3+ 29. Kg2 Qe8 30. Rha5 Nh4+ 31. Kh2 Qe6 0-1

[Event "Championnat de Paris open Fide"]
[Site "Paris"]
[Date "2016.07.12"]
[Round "4.21"]
[White "Maleki, Manuel"]
[Black "Eden, James"]
[Result "1-0"]
[WhiteElo "2248"]
[BlackElo "2293"]
[PlyCount "109"]
[EventDate "2016.??.??"]

1. Nf3 d5 2. d4 Nf6 3. Bf4 c6 4. e3 Bf5 5. c4 e6 6. Nc3 Nbd7 7. Qb3 Qb6 8. c5
Qxb3 9. axb3 a6 10. b4 Rc8 11. h3 h6 12. Nd2 g5 13. Bh2 Bg7 14. Nb3 e5 15. dxe5
Ne4 16. f4 Nxc3 17. bxc3 Ke7 18. Nd4 Be4 19. Kf2 Rce8 20. Be2 Kd8 21. Bf3 Bh7
22. Rhd1 Kc7 23. g4 Nf8 24. Nf5 Ne6 25. Nxg7 Nxg7 26. f5 Kc8 27. e4 dxe4 28.
Bxe4 f6 29. exf6 Rxe4 30. fxg7 Rhe8 31. Re1 Rxe1 32. Rxe1 Rxe1 33. Kxe1 Kd7 34.
Be5 Bg8 35. Bf6 Ke8 36. Kf2 Bd5 37. Kg3 Kf7 38. Bd4 Be4 39. h4 Bd5 40. hxg5
hxg5 41. Kf2 Bb3 42. g8=Q+ Kxg8 43. Bf6 Kf7 44. Bxg5 Kg7 45. Kg3 Bc4 46. Kf4
Bb3 47. Bh4 Bc4 48. Bf2 Bb3 49. Ke5 Bd1 50. g5 Bc2 51. Bd4 Bb3 52. Kd6+ Kg8 53.
Kc7 Bc4 54. Kxb7 Bb5 55. c4 1-0

[Event "Championnat de Paris open Fide"]
[Site "Paris"]
[Date "2016.07.12"]
[Round "4.22"]
[White "Pruvot, Louis"]
[Black "Dubois, Loic"]
[Result "0-1"]
[WhiteElo "2216"]
[BlackElo "2271"]
[PlyCount "68"]
[EventDate "2016.??.??"]

1. d4 d5 2. c4 e6 3. Nf3 Nf6 4. Nc3 c6 5. Bg5 Nbd7 6. e3 Qa5 7. Bxf6 Nxf6 8. a3
dxc4 9. Ne5 b5 10. Nxc6 Qb6 11. Ne5 a6 12. Be2 Bb7 13. Bf3 Bd6 14. O-O O-O 15.
Qe2 Bxe5 16. dxe5 Bxf3 17. gxf3 Nd7 18. f4 Nc5 19. h4 Rad8 20. Kh2 Rd3 21. Rg1
Qd8 22. Qg4 g6 23. Rg2 Rd2 24. Ne2 Qe7 25. Rb1 Rfd8 26. Ng3 Kf8 27. Kh3 Ke8 28.
Ne2 Nd3 29. Qf3 Qd7 30. b3 cxb3 31. Rxb3 Ne1 32. Qg4 h5 33. Qg5 Rxe2 34. Qh6
Qd5 0-1

[Event "Championnat de Paris open Fide"]
[Site "Paris"]
[Date "2016.07.12"]
[Round "4.23"]
[White "Alfred, Nathan S W"]
[Black "Gatineau, Yovann"]
[Result "1/2-1/2"]
[WhiteElo "2264"]
[BlackElo "2206"]
[PlyCount "59"]
[EventDate "2016.??.??"]

1. d4 Nf6 2. c4 g6 3. Nc3 d5 4. cxd5 Nxd5 5. e4 Nxc3 6. bxc3 Bg7 7. Qa4+ Nd7 8.
Nf3 O-O 9. Be2 c5 10. O-O cxd4 11. cxd4 Nb6 12. Qa3 Be6 13. Bg5 Re8 14. Rac1
Qd6 15. Qe3 Rac8 16. d5 Bd7 17. Bf4 e5 18. Bh6 f5 19. Bxg7 Kxg7 20. Rxc8 Rxc8
21. exf5 Nxd5 22. Qd2 Bxf5 23. Rd1 Rc2 24. Qe1 Qb4 25. Nxe5 Nc3 26. Bc4 Qc5 27.
Nd7 Qxf2+ 28. Qxf2 Rxf2 29. Re1 Rd2 30. Re7+ 1/2-1/2

[Event "Championnat de Paris open Fide"]
[Site "Paris"]
[Date "2016.07.12"]
[Round "4.24"]
[White "Kambrath, Yannick"]
[Black "Duquesne, Adrien"]
[Result "1-0"]
[WhiteElo "2376"]
[BlackElo "2241"]
[PlyCount "77"]
[EventDate "2016.??.??"]

1. d4 Nf6 2. c4 c5 3. d5 b5 4. cxb5 a6 5. bxa6 g6 6. Nc3 Bxa6 7. e4 Bxf1 8.
Kxf1 d6 9. Nf3 Nbd7 10. g3 Bg7 11. Kg2 O-O 12. Qe2 Qa5 13. Bd2 Rfb8 14. b3 Qa6
15. Qxa6 Rxa6 16. Rab1 Ne8 17. Rb2 Nc7 18. Rc2 Rb4 19. Re1 Rb7 20. Re2 f5 21.
exf5 Bxc3 22. Bxc3 Nxd5 23. fxg6 hxg6 24. Ba1 e5 25. Rcd2 Ne7 26. Nh4 g5 27.
Nf3 g4 28. Nh4 Kf7 29. h3 gxh3+ 30. Kxh3 Ng6 31. f4 Nxh4 32. Kxh4 exf4 33. gxf4
Rb4 34. Kg5 Nf8 35. Bc3 Rb5 36. f5 Nh7+ 37. Kf4 Nf6 38. Bxf6 Rb4+ 39. Kg5 1-0

[Event "Championnat de Paris open Fide"]
[Site "Paris"]
[Date "2016.07.13"]
[Round "5.1"]
[White "Hemant, Sharma Del"]
[Black "Moiseenko, Alexander"]
[Result "1/2-1/2"]
[WhiteElo "2299"]
[BlackElo "2649"]
[PlyCount "75"]
[EventDate "2016.??.??"]

1. Nf3 d5 2. g3 Nf6 3. Bg2 b5 4. O-O Bb7 5. b3 e6 6. c4 dxc4 7. bxc4 b4 8. a3
a5 9. axb4 axb4 10. Rxa8 Bxa8 11. Bb2 c5 12. d4 cxd4 13. Qxd4 Nbd7 14. Nbd2 Bc5
15. Qd3 O-O 16. Nb3 Be7 17. Nfd2 Bxg2 18. Kxg2 Qc7 19. Qf3 Nb6 20. Rc1 Na4 21.
Bd4 Nd7 22. Ra1 Nac5 23. Bxc5 Nxc5 24. Ra8 Nxb3 25. Rxf8+ Bxf8 26. Qxb3 Qe5 27.
Qd3 g6 28. Nb3 h5 29. h4 Be7 30. e3 Qc7 31. Qe4 Qa7 32. Qd4 Qa4 33. Qd3 Qa7 34.
Kg1 Bf8 35. Qc2 Bc5 36. Qe4 Bf8 37. Qc2 Bc5 38. Qe4 1/2-1/2

[Event "Championnat de Paris open Fide"]
[Site "Paris"]
[Date "2016.07.13"]
[Round "5.2"]
[White "Moussard, Jules"]
[Black "Abergel, Thal"]
[Result "1/2-1/2"]
[WhiteElo "2521"]
[BlackElo "2457"]
[PlyCount "114"]
[EventDate "2016.??.??"]

1. Nf3 Nf6 2. g3 d5 3. Bg2 e6 4. O-O Be7 5. d3 O-O 6. Nbd2 b6 7. e4 Bb7 8. e5
Nfd7 9. Re1 c5 10. Nf1 Nc6 11. h4 Qc7 12. Bf4 Nd4 13. Nxd4 cxd4 14. Qg4 Rfc8
15. Re2 Bf8 16. Nh2 a5 17. Nf3 a4 18. a3 b5 19. Nxd4 b4 20. axb4 Bxb4 21. h5
Kh8 22. h6 g6 23. Bg5 Qb6 24. Nf3 Bf8 25. Rxa4 Qxb2 26. Rxa8 Bxa8 27. Nd4 Qb6
28. Qf4 Kg8 29. Re3 Bc5 30. c3 Qb1+ 31. Kh2 Qc1 32. Qh4 Qxc3 33. Ne2 Qe1 34. d4
Qxf2 35. Ng1 Be7 36. Rf3 Bxg5 37. Qxg5 Qxd4 38. Qe7 Nxe5 39. Rf4 Qb2 40. Kh1
Rf8 41. Nh3 Nc6 42. Qc5 Qe5 43. Nf2 f5 44. Nd3 Qf6 45. Ra4 Qg5 46. Nf4 Qxh6+
47. Kg1 Rb8 48. Nxe6 Ne5 49. Qa3 Rb1+ 50. Bf1 Rxf1+ 51. Kxf1 Qh1+ 52. Kf2 Qh2+
53. Kf1 Qh1+ 54. Ke2 Qg2+ 55. Ke1 Qg1+ 56. Ke2 Qg2+ 57. Ke1 Qg1+ 1/2-1/2

[Event "Championnat de Paris open Fide"]
[Site "Paris"]
[Date "2016.07.13"]
[Round "5.3"]
[White "Loiseau, Quentin"]
[Black "Gahan M G"]
[Result "1-0"]
[WhiteElo "2436"]
[BlackElo "2249"]
[PlyCount "57"]
[EventDate "2016.??.??"]

1. d4 Nf6 2. c4 g6 3. f3 e5 4. dxe5 Nh5 5. Nh3 Nc6 6. Bg5 Be7 7. Bxe7 Qxe7 8.
Nc3 Qxe5 9. g4 Ng7 10. f4 Qe7 11. Nd5 Qd8 12. Qd2 O-O 13. e4 f6 14. O-O-O d6
15. Nf2 Ne8 16. h4 Rf7 17. g5 fxg5 18. hxg5 Be6 19. Bh3 Qd7 20. f5 gxf5 21. g6
hxg6 22. Qh6 Rg7 23. exf5 Bxf5 24. Ne4 Kf8 25. Qh8+ Rg8 26. Bxf5 Rxh8 27. Rxh8+
Kg7 28. Rdh1 gxf5 29. R1h7+ 1-0

[Event "Championnat de Paris open Fide"]
[Site "Paris"]
[Date "2016.07.13"]
[Round "5.4"]
[White "Sochacki, Christophe"]
[Black "Shirazi, Kamran"]
[Result "1/2-1/2"]
[WhiteElo "2414"]
[BlackElo "2350"]
[PlyCount "139"]
[EventDate "2016.??.??"]

1. d4 d5 2. c4 e6 3. Nc3 Nf6 4. cxd5 exd5 5. Bg5 c6 6. e3 Be7 7. Bd3 Nbd7 8.
Nge2 Nh5 9. Bxe7 Qxe7 10. Qc2 g6 11. h3 Nb6 12. O-O-O Be6 13. g4 Ng7 14. Nf4
O-O-O 15. Nce2 Kb8 16. Kb1 Bc8 17. Ng3 h5 18. gxh5 g5 19. Nfe2 Nxh5 20. Nf5
Bxf5 21. Bxf5 Nc4 22. Rde1 Ng7 23. Ng3 Qb4 24. Qc3 Qxc3 25. bxc3 Nd6 26. Bd3
Rh4 27. e4 dxe4 28. Nxe4 Nxe4 29. Rxe4 Rdh8 30. Re7 Rxh3 31. Rxh3 Rxh3 32. Rxf7
Rxd3 33. Rxg7 Rxc3 34. Rxg5 Rf3 35. d5 cxd5 36. Rxd5 Rxf2 37. Rd7 a6 38. Rh7
Ka7 39. Rh6 Rf5 40. Kb2 Rb5+ 41. Ka1 Rb6 42. Rh5 Rd6 43. Kb2 Kb6 44. Kb1 Kc6
45. Rh3 Rd5 46. Kb2 a5 47. Kb1 Rd4 48. Kb2 Kc5 49. Rc3+ Rc4 50. Rh3 Kb5 51.
Rh5+ Kb4 52. Rh3 a4 53. Rg3 Rd4 54. Rh3 Kc4 55. Rc3+ Kb4 56. Rh3 Rd2+ 57. Kb1
Kc4 58. Rg3 Rd3 59. Rg7 b5 60. Rc7+ Kb4 61. Rc1 Rd2 62. Ka1 Rd3 63. Kb2 Rd4 64.
a3+ Ka5 65. Rc6 Rd2+ 66. Kb1 Rd8 67. Kb2 Rb8 68. Rh6 Rb6 69. Rxb6 Kxb6 70. Kc3
1/2-1/2

[Event "Championnat de Paris open Fide"]
[Site "Paris"]
[Date "2016.07.13"]
[Round "5.5"]
[White "Fedorchuk, Sergey A"]
[Black "Konguvel, Ponnuswamy"]
[Result "1-0"]
[WhiteElo "2624"]
[BlackElo "2379"]
[PlyCount "71"]
[EventDate "2016.??.??"]

1. e4 c5 2. Nf3 g6 3. d4 cxd4 4. Qxd4 Nf6 5. Bb5 a6 6. Ba4 b5 7. Bb3 Nc6 8. Qd3
d6 9. a4 Bd7 10. axb5 axb5 11. Rxa8 Qxa8 12. Nc3 Bg7 13. Nxb5 O-O 14. Nc3 Na5
15. Bd5 Nxd5 16. Nxd5 Nc6 17. O-O Qb7 18. c3 Re8 19. b4 e6 20. Ne3 Na7 21. Re1
Bb5 22. c4 Bc6 23. Nc2 Ba4 24. b5 Rc8 25. Ne3 Nxb5 26. cxb5 Bxb5 27. Qxd6 Qxe4
28. h3 Qb7 29. Ng4 Bc6 30. Nh6+ Kh8 31. Ne5 Be8 32. Bg5 Qc7 33. Bf6 Qxd6 34.
Nexf7+ Bxf7 35. Nxf7+ Kg8 36. Nxd6 1-0

[Event "Championnat de Paris open Fide"]
[Site "Paris"]
[Date "2016.07.13"]
[Round "5.6"]
[White "Philippe, Guillaume"]
[Black "Shchekachev, Andrei"]
[Result "1-0"]
[WhiteElo "2321"]
[BlackElo "2550"]
[PlyCount "81"]
[EventDate "2016.??.??"]

1. e4 c5 2. Nf3 d6 3. d4 Nf6 4. Nc3 cxd4 5. Nxd4 Nbd7 6. Be3 a6 7. g4 h6 8. h4
d5 9. exd5 Nb6 10. Qd2 Nbxd5 11. O-O-O Bxg4 12. f3 Bd7 13. Bc4 Nxe3 14. Qxe3
Rc8 15. Bb3 h5 16. Nf5 e6 17. Qg5 Rxc3 18. bxc3 Qc7 19. Nxg7+ Bxg7 20. Qxg7
Qf4+ 21. Kb2 Rg8 22. Rd4 Qxf3 23. Qh6 Rg6 24. Qc1 Ne4 25. Rd3 Qf6 26. Re1 Bc6
27. Qe3 Qxh4 28. Qb6 Kf8 29. Rf1 Qe7 30. Rd8+ Kg7 31. Rc8 Nf6 32. Rc7 Qe8 33.
Qd4 b5 34. Qe5 Bd7 35. Qd6 Bc8 36. Re7 Qf8 37. Bxe6 Bxe6 38. Qxe6 Kg8 39. Rxf6
fxe6 40. Rxg6+ Kh8 41. Rgxe6 1-0

[Event "Championnat de Paris open Fide"]
[Site "Paris"]
[Date "2016.07.13"]
[Round "5.7"]
[White "Satyapragyan, Swayangsu"]
[Black "Kulkarni, Rakesh"]
[Result "1-0"]
[WhiteElo "2467"]
[BlackElo "2296"]
[PlyCount "33"]
[EventDate "2016.??.??"]

1. e4 c5 2. Nf3 e6 3. d4 cxd4 4. Nxd4 a6 5. Be2 Nf6 6. Nc3 Bb4 7. O-O Qc7 8.
Bg5 Bxc3 9. Bxf6 gxf6 10. bxc3 Qxc3 11. Rb1 b5 12. Rb3 Qc5 13. Qd2 Bb7 14. Rc3
Qb6 15. Rd1 d6 16. Bh5 Ke7 17. Nc6+ 1-0

[Event "Championnat de Paris open Fide"]
[Site "Paris"]
[Date "2016.07.13"]
[Round "5.8"]
[White "Sundararajan, Kidambi"]
[Black "Micottis, Dorian"]
[Result "1/2-1/2"]
[WhiteElo "2456"]
[BlackElo "2248"]
[PlyCount "35"]
[EventDate "2016.??.??"]

1. Nf3 Nf6 2. c4 g6 3. Nc3 d5 4. cxd5 Nxd5 5. h4 h5 6. e4 Nxc3 7. bxc3 Bg7 8.
Ba3 O-O 9. Qb3 b6 10. d4 c5 11. Rd1 Qc7 12. Be2 Bg4 13. O-O Nc6 14. dxc5 Ne5
15. c4 Rfc8 16. cxb6 axb6 17. Bb4 Bf6 18. Rc1 1/2-1/2

[Event "Championnat de Paris open Fide"]
[Site "Paris"]
[Date "2016.07.13"]
[Round "5.9"]
[White "Manoeuvre, Antoine"]
[Black "Belkhodja, Slim"]
[Result "1/2-1/2"]
[WhiteElo "2314"]
[BlackElo "2417"]
[PlyCount "63"]
[EventDate "2016.??.??"]

1. d4 Nf6 2. c4 g6 3. Nc3 Bg7 4. e4 O-O 5. Be2 c6 6. Nf3 d5 7. e5 Ne8 8. h3
dxc4 9. Bxc4 Nc7 10. O-O Nd7 11. Bg5 Nb6 12. Bb3 Be6 13. Bxe6 Nxe6 14. Be3 Nd5
15. Qe2 Qd7 16. Rfd1 Rad8 17. Qd2 f6 18. Bh6 Bxh6 19. Qxh6 Qe8 20. exf6 exf6
21. Re1 Qf7 22. Qh4 Ng7 23. Qe4 Rd7 24. Qc2 Ne6 25. Ne4 Rfd8 26. Nc5 Nxc5 27.
dxc5 Nb4 28. Qc3 a5 29. a3 Nd3 30. Re4 Rd5 31. b4 axb4 32. Ree1 1/2-1/2